[Event "Ì13Ï "]
[Site "Loo"]
[Date "2017.04.20"]
[Round "1.38"]
[White "Ëåáåäåâ, Íèêèòà."]
[Black "Êàëèíèí, Ìàòâåé."]
[Result "1-0"]
[WhiteElo "1635"]
[BlackElo "1345"]
[PlyCount "29"]
[EventDate "2017.04.20"]

1. d4 b6 2. Bf4 Bb7 3. Nf3 g6 4. e3 Bg7 5. Be2 e6 6. c4 d6 7. Nc3 Nd7 8. h3 Ne7
9. O-O O-O 10. Bh2 h6 11. Qc2 f5 12. Qb3 Kh8 13. c5 d5 14. Nb5 Rf6 15. Bxc7 {
äàëåå çàïèñü íåðàçáîð~~èâà!} 1-0

[Event "Ì13Ï "]
[Site "Loo"]
[Date "2017.04.20"]
[Round "1.39"]
[White "Ìíàöàêàíÿí, Òèãðàí."]
[Black "Êóçíåöîâ, Âàäèì."]
[Result "0-1"]
[WhiteElo "1320"]
[BlackElo "1628"]
[PlyCount "96"]
[EventDate "2017.04.20"]

1. e4 c5 2. Nf3 d6 3. d4 cxd4 4. Nxd4 Nf6 5. Nc3 a6 6. Bc4 b5 7. Bd3 Bb7 8.
Nde2 b4 9. Nb1 Bxe4 10. Bxe4 Nxe4 11. Qd5 Nxf2 12. Kxf2 Nd7 13. Rf1 e6 14. Qf3
Ne5 15. Qf4 Qc7 16. Kg1 Qxc2 17. Nd4 Qg6 18. Nd2 Be7 19. Qe4 Qxe4 20. Nxe4 d5
21. Ng3 Bc5 22. Rd1 Rc8 23. Kh1 Ng4 24. Rd2 e5 25. Ndf5 g6 26. Rxd5 gxf5 27.
Nxf5 f6 28. h3 Nf2+ 29. Kh2 Ne4 30. Be3 Kf7 31. Bxc5 Rxc5 32. Rxc5 Nxc5 33. Rc1
Nd3 34. Rc7+ Ke6 35. Ng7+ Kd5 36. Rc2 e4 37. Kg1 Ke5 38. Kf1 Rg8 39. Nh5 f5 40.
h4 f4 41. b3 Rg6 42. Kg1 Kd4 43. Kf1 h6 44. Rd2 Rc6 45. Ke2 Rc1 46. Rd1 Rxd1
47. Kxd1 Ke3 48. g3 Nf2+ 0-1

[Event "Ì13Ï "]
[Site "Loo"]
[Date "2017.04.20"]
[Round "1.40"]
[White "Ëîêòèîíîâ, Êèðèëë."]
[Black "Äàíèëèí, Åãîð."]
[Result "1-0"]
[WhiteElo "1627"]
[BlackElo "1309"]
[PlyCount "29"]
[EventDate "2017.04.20"]

1. d4 d5 2. c4 e6 3. Bf4 Nf6 4. e3 Nbd7 5. a3 c5 6. Nc3 b6 7. Nb5 cxd4 8. Bc7
dxe3 9. fxe3 Ng4 10. Bxd8 Nxe3 11. Qc1 Nxf1 12. Bh4 Be7 13. Nc7+ Kd8 14. Bxe7+
Kxc7 15. cxd5+ 1-0

[Event "Ì13Ï "]
[Site "Loo"]
[Date "2017.04.20"]
[Round "1.41"]
[White "Èøóòêèí, Âëàäèñëàâ."]
[Black "Íåëîâêî, Íèêèòà."]
[Result "1/2-1/2"]
[WhiteElo "1307"]
[BlackElo "1618"]
[PlyCount "74"]
[EventDate "2017.04.20"]

1. d4 d5 2. Nf3 Bf5 3. e3 e6 4. Bd3 Bg6 5. O-O Nf6 6. Nbd2 Bd6 7. b3 c6 8. Bb2
Nbd7 9. Ne5 Bxd3 10. cxd3 Bc7 11. f4 Qe7 12. a4 Bd6 13. Ndf3 h6 14. Qe1 O-O-O
15. Qa5 Kb8 16. Bc3 Ka8 17. Nxd7 Nxd7 18. Bd2 g5 19. Ne5 Rhg8 20. Nxd7 Qxd7 21.
b4 b6 22. Qa6 f5 23. b5 cxb5 24. axb5 Qb7 25. Rfc1 Rc8 26. Qa4 gxf4 27. exf4
Qg7 28. g3 h5 29. Qa6 Qb7 30. Qa4 Rg7 31. Re1 Re7 32. Kf2 Qc7 33. Rec1 Qb7 34.
Re1 Qc7 35. Rec1 Qb7 36. Re1 Qc7 37. Rec1 Qb7 1/2-1/2

[Event "Ì13Ï "]
[Site "Loo"]
[Date "2017.04.20"]
[Round "1.42"]
[White "Øâåòêî, Ðîìàí."]
[Black "Òóêàåâ, Òèìóð."]
[Result "1/2-1/2"]
[WhiteElo "1614"]
[BlackElo "1300"]
[PlyCount "82"]
[EventDate "2017.04.20"]

1. d4 Nf6 2. c4 e6 3. Nc3 Bb4 4. a3 Bxc3+ 5. bxc3 b6 6. Bg5 Bb7 7. e3 h6 8. Bh4
a5 9. Nf3 O-O 10. Bd3 d6 11. O-O Nbd7 12. Nd2 Re8 13. Be4 Bxe4 14. Nxe4 Qe7 15.
Qf3 g5 16. Bg3 Nxe4 17. Qxe4 f5 18. Qd3 Rf8 19. h3 Nf6 20. f3 Qg7 21. Qe2 Rf7
22. Rf2 Raf8 23. Bh2 g4 24. fxg4 fxg4 25. hxg4 Ne4 26. Rxf7 Rxf7 27. Rf1 Rxf1+
28. Kxf1 Qg5 29. Qd3 Qxg4 30. Bf4 Qf5 31. Ke1 h5 32. a4 Kf7 33. Qc2 Qg6 34. Kd1
Qf5 35. Kc1 Qg6 36. Kb2 Qf5 37. Ka3 Qg6 38. Kb2 Qf5 39. Ka3 Qg6 40. Kb2 Qf5 41.
Ka3 Qg6 1/2-1/2

[Event "Ì13Ï "]
[Site "Loo"]
[Date "2017.04.20"]
[Round "1.43"]
[White "Æåðäåâ, Ñâÿòîñëàâ."]
[Black "Íàäðøèí, Òèìóð."]
[Result "1/2-1/2"]
[WhiteElo "1293"]
[BlackElo "1605"]
[PlyCount "88"]
[EventDate "2017.04.20"]

1. e4 c5 2. Nf3 e6 3. d3 Nc6 4. g3 g6 5. Bg2 Bg7 6. O-O Nge7 7. Nbd2 d6 8. Re1
O-O 9. c3 a6 10. Nf1 Rb8 11. d4 cxd4 12. cxd4 d5 13. exd5 Nxd5 14. Ne3 Nde7 15.
Nc2 Nf5 16. Bf4 Ra8 17. Be5 Qb6 18. Bxg7 Kxg7 19. b3 Rd8 20. Re4 Nd6 21. Re3
Nf5 22. Rd3 Nfe7 23. Ne3 Nd5 24. Nc4 Qc7 25. Rc1 Qe7 26. Nfe5 Ndb4 27. Rd2 f6
28. Nxc6 Nxc6 29. Bxc6 bxc6 30. Na5 Rd5 31. Nxc6 Qd6 32. Rc4 a5 33. Rdc2 Ba6
34. Rc5 Bb7 35. Nxa5 Rxd4 36. Rc7+ Kg8 37. Qxd4 Qxd4 38. Nxb7 Qa1+ 39. Kg2 Rxa2
40. Rc8+ Kg7 41. R2c7+ Kh6 42. Rh8 Rxf2+ 43. Kxf2 Qb2+ 44. Kf1 Qb1+ 1/2-1/2

[Event "Ì13Ï "]
[Site "Loo"]
[Date "2017.04.20"]
[Round "1.44"]
[White "Äîáøèíîâ, Âëàä."]
[Black "Ãîðáóíîâ, Âëàäèñëàâ."]
[Result "1-0"]
[WhiteElo "1602"]
[BlackElo "1282"]
[PlyCount "81"]
[EventDate "2017.04.20"]

1. e4 e5 2. Nf3 Nc6 3. Nc3 Nf6 4. d4 exd4 5. Nxd4 Bc5 6. Be3 d6 7. Nxc6 bxc6 8.
Bxc5 dxc5 9. Qxd8+ Kxd8 10. O-O-O+ Ke7 11. Bc4 Ng4 12. Rd2 Ne5 13. Be2 Be6 14.
f4 Nc4 15. Bxc4 Bxc4 16. Rhd1 Rhd8 17. b3 Bb5 18. Rxd8 Rxd8 19. Rxd8 Kxd8 20.
Nxb5 cxb5 21. c4 b4 22. Kd2 Kd7 23. Ke3 Ke6 24. g4 f6 25. h4 g6 26. Kd3 h5 27.
gxh5 gxh5 28. Ke2 f5 29. exf5+ Kxf5 30. Kf3 c6 31. Ke3 Kg4 32. Ke4 Kxh4 33. f5
Kg5 34. Ke5 h4 35. f6 h3 36. f7 h2 37. f8=Q Kg4 38. Qh6 Kg3 39. Qxc6 Kf2 40.
Qh1 Kg3 41. Kd5 1-0

[Event "Ì13Ï "]
[Site "Loo"]
[Date "2017.04.20"]
[Round "1.45"]
[White "Èîíà, Àëåêñàíäð."]
[Black "Êóïðèí, Àëåêñàíäð."]
[Result "0-1"]
[WhiteElo "1277"]
[BlackElo "1599"]
[PlyCount "56"]
[EventDate "2017.04.20"]

1. e4 e5 2. Nf3 Nc6 3. Nc3 Nf6 4. Bb5 d6 5. Nd5 Nxe4 6. d3 Nf6 7. Bg5 Be7 8.
Nxe7 Qxe7 9. O-O O-O 10. Bxc6 bxc6 11. Re1 h6 12. Bh4 Bg4 13. h3 Bh5 14. g4 Bg6
15. d4 e4 16. Nd2 d5 17. f3 Qd6 18. fxe4 Nxe4 19. Nxe4 Bxe4 20. c4 Rab8 21. c5
Qf4 22. Qe2 Qf3 23. Qh2 Rxb2 24. Qxb2 Qh1+ 25. Kf2 Qg2+ 26. Ke3 Qxb2 27. Rf1
Qc3+ 28. Kf2 Qf3+ {äàëåå çàïèñü íåðàçáîð~~èâà} 0-1

[Event "Ì13Ï "]
[Site "Loo"]
[Date "2017.04.20"]
[Round "1.46"]
[White "Ìîíãóø, Êåæèê."]
[Black "Àâäóøèí, Íèêèòà."]
[Result "1-0"]
[WhiteElo "1594"]
[BlackElo "1262"]
[PlyCount "87"]
[EventDate "2017.04.20"]

1. d4 Nf6 2. c4 e6 3. Nc3 b6 4. Nf3 Bb7 5. g3 Bb4 6. Qc2 d5 7. Qa4+ Nc6 8. Bg2
Bxc3+ 9. bxc3 O-O 10. O-O Ne4 11. Qc2 Ne7 12. cxd5 Bxd5 13. c4 Bb7 14. Bb2 Ng6
15. Rfd1 Nf6 16. a4 Qe7 17. Ba3 c5 18. dxc5 bxc5 19. Rab1 Be4 20. Qc3 Bxb1 21.
Rxb1 Rab8 22. Rb5 Rxb5 23. axb5 Qd6 24. Qe3 Rc8 25. Nd2 Ne5 26. Bb2 Ng6 27. Bc6
Ne7 28. Be5 Qd8 29. Bb7 Ng4 30. Qg5 Nxe5 31. Bxc8 f6 32. Bxe6+ Kh8 33. Qe3 Qd6
34. Bh3 Kg8 35. f4 N5g6 36. Qe6+ Qxe6 37. Bxe6+ Kf8 38. Ne4 Ke8 39. Nxc5 Nf8
40. Kf2 Nxe6 41. Nxe6 Kf7 42. Nd4 Nc8 43. c5 Ke8 44. Ke3 1-0

[Event "Ì13Ï "]
[Site "Loo"]
[Date "2017.04.20"]
[Round "1.47"]
[White "Äàâèäÿí, Âëàäèìèð."]
[Black "Ùåòêèí, Êèðèëë."]
[Result "0-1"]
[WhiteElo "1252"]
[BlackElo "1594"]
[PlyCount "118"]
[EventDate "2017.04.20"]

1. e4 e5 2. Nf3 Nc6 3. Bb5 Nge7 4. O-O g6 5. c3 Bg7 6. d4 exd4 7. cxd4 d5 8. e5
O-O 9. Nc3 Be6 10. Re1 a6 11. Ba4 Bg4 12. Bg5 h6 13. Bxe7 Nxe7 14. h3 Be6 15.
Bc2 b6 16. Nh2 c5 17. f4 Rc8 18. Ng4 cxd4 19. Qxd4 Rc4 20. Qd2 Bxg4 21. hxg4
Qc8 22. Bb3 Rc5 23. Qe2 Rd8 24. Na4 Rc6 25. Rad1 d4 26. e6 f6 27. Qd2 Rdd6 28.
Rc1 b5 29. Rxc6 Rxc6 30. Qxd4 bxa4 31. Qxa4 Kh7 32. Rd1 Rc1 33. Kh2 Rxd1 34.
Bxd1 Qxe6 35. Bf3 Qc8 36. b4 Qc4 37. Kg3 f5 38. Qb3 Qxb3 39. axb3 Bc3 40. Bb7
Bxb4 41. Bxa6 Kg7 42. gxf5 Nxf5+ 43. Kf3 Nd4+ 44. Ke3 Nxb3 45. Bc4 Nc5 46. g4
Nb7 47. f5 Bc5+ 48. Kf3 Nd6 49. Bd3 g5 50. Kg3 Kf6 51. Kg2 Nf7 52. Bc4 Ne5 53.
Be2 Ke7 54. Kg3 Kd6 55. Bf3 Nxf3 56. Kxf3 Ke5 57. Kg3 Ke4 58. Kg2 Kf4 59. Kh3
Be7 0-1

[Event "Ì13Ï "]
[Site "Loo"]
[Date "2017.04.20"]
[Round "1.48"]
[White "Õóñíóëãàòèí, Àðòåì."]
[Black "Íàëüãèåâ, Ðóñëàí."]
[Result "1-0"]
[WhiteElo "1592"]
[BlackElo "1243"]
[PlyCount "73"]
[EventDate "2017.04.20"]

1. e4 c5 2. Nf3 e6 3. d4 cxd4 4. Nxd4 a6 5. Nc3 Nf6 6. e5 Ng8 7. Be2 Bc5 8. O-O
Bxd4 9. Qxd4 Nc6 10. Qf4 Nge7 11. Bd3 Ng6 12. Bxg6 hxg6 13. Ne4 Rf8 14. Nd6+
Ke7 15. Qg5+ f6 16. Qxg6 Nxe5 17. Nxc8+ Qxc8 18. Qxg7+ Rf7 19. Qg3 Qg8 20. Qxg8
Rxg8 21. f4 Ng4 22. h3 Nh6 23. b3 Nf5 24. Kh2 Rfg7 25. Rf2 Nh4 26. g4 f5 27. g5
d6 28. Kg3 Ng6 29. Bd2 e5 30. fxe5 f4+ 31. Bxf4 Nxf4 32. exd6+ Kxd6 33. Rxf4
Rxg5+ 34. Rg4 Rxg4+ 35. hxg4 Rc8 36. c4 Ke6 37. Rd1 1-0

[Event "Ì13Ï "]
[Site "Loo"]
[Date "2017.04.20"]
[Round "1.49"]
[White "Ãðîìîâîé, Êèðèëë."]
[Black "Çóðàáÿí, Âàãå."]
[Result "0-1"]
[WhiteElo "1227"]
[BlackElo "1591"]
[PlyCount "74"]
[EventDate "2017.04.20"]

1. e4 e6 2. d4 d5 3. Nd2 c5 4. exd5 Qxd5 5. Ngf3 cxd4 6. Bc4 Qd8 7. O-O Nc6 8.
Nb3 Nf6 9. Nbxd4 Nxd4 10. Nxd4 Bc5 11. Nb3 Bb6 12. Bg5 O-O 13. Qf3 h6 14. Bxf6
Qxf6 15. Qxf6 gxf6 16. Kh1 Bd7 17. Nd2 Rac8 18. Bd3 f5 19. Nc4 Bd4 20. c3 Bf6
21. Rad1 Bc6 22. Na5 Ba4 23. Rb1 b6 24. Nb3 Rfd8 25. Be2 Bxb3 26. axb3 Rd2 27.
Rfe1 Rcd8 28. f4 Rc2 29. Bd1 Rf2 30. g3 Rdd2 31. Ra1 Rxh2+ 32. Kg1 Be7 33. b4
a5 34. bxa5 Bc5+ 35. Kf1 Rdf2+ 36. Kg1 Rxb2+ 37. Kf1 Rh1# 0-1

[Event "Ì13Ï "]
[Site "Loo"]
[Date "2017.04.20"]
[Round "1.50"]
[White "Êàðàïåòÿí, Âàãðàì."]
[Black "Ñàíêóëîâ, Èëüÿ."]
[Result "1/2-1/2"]
[WhiteElo "1589"]
[BlackElo "1225"]
[PlyCount "82"]
[EventDate "2017.04.20"]

1. e4 e5 2. Nf3 Nc6 3. Bb5 d6 4. d4 Bd7 5. Nc3 Nf6 6. O-O Be7 7. Re1 Nxd4 8.
Bxd7+ Qxd7 9. Nxd4 exd4 10. Qxd4 O-O 11. h3 c6 12. Be3 Bd8 13. Rad1 Bc7 14. e5
Ne8 15. exd6 Qxd6 16. Qxd6 Nxd6 17. Bc5 Rfd8 18. Re7 Ne8 19. Red7 b6 20. Be7
Rdc8 21. Ne4 Be5 22. b3 Rc7 23. Rxc7 Nxc7 24. Rd7 Nd5 25. Bd6 Bd4 26. c4 Nf6
27. Nxf6+ Bxf6 28. Rc7 c5 29. Rb7 h6 30. Bb8 Bd4 31. Bxa7 Kh7 32. a4 Re8 33.
Bxb6 Re1+ 34. Kh2 Bxf2 35. Bc7 h5 36. Bg3 Bg1+ 37. Kh1 Bf2+ 38. Kh2 Bg1+ 39.
Kh1 Bf2+ 40. Kh2 Bg1+ 41. Kh1 Bf2+ 1/2-1/2

[Event "Ì13Ï "]
[Site "Loo"]
[Date "2017.04.20"]
[Round "1.51"]
[White "Ðîäèí, Àëåêñàíäð."]
[Black "Êîñòåíêî, Êèðèëë."]
[Result "0-1"]
[WhiteElo "1207"]
[BlackElo "1589"]
[PlyCount "40"]
[EventDate "2017.04.20"]

1. e4 c5 2. Nc3 Nc6 3. Bb5 Nd4 4. Bc4 e6 5. Nf3 Nc6 6. O-O Nf6 7. e5 Ng4 8. Re1
d5 9. Bb5 Nh6 10. d3 Nf5 11. Kh1 Bd7 12. g4 Nfd4 13. Bxc6 Nxc6 14. g5 Ne7 15.
Nh4 Bc6 16. Qh5 Qd7 17. a4 g6 18. Qg4 Nf5 19. Nxf5 exf5 20. Qe2 d4+ 0-1

[Event "Ì13Ï "]
[Site "Loo"]
[Date "2017.04.20"]
[Round "1.52"]
[White "Õàíèí, Ìèõàèë."]
[Black "Õîëîïîâ, Ðîìàí."]
[Result "1-0"]
[WhiteElo "1589"]
[BlackElo "1199"]
[PlyCount "81"]
[EventDate "2017.04.20"]

1. d4 Nf6 2. Nf3 e6 3. c4 b6 4. Nc3 Bb7 5. e3 Bb4 6. Bd3 O-O 7. O-O d5 8. a3
Bxc3 9. bxc3 Nbd7 10. a4 a5 11. Ba3 Re8 12. cxd5 exd5 13. Nd2 Ne4 14. Nxe4 dxe4
15. Bc4 Nf6 16. Qc2 Ng4 17. Qa2 Ba6 18. Bxf7+ Kh8 19. Bxe8 Bxf1 20. Bc6 Qh4 21.
h3 Rd8 22. Kxf1 Nxe3+ 23. fxe3 Qf6+ 24. Kg1 Qxc6 25. Qb3 Qh6 26. c4 c5 27. d5
Rf8 28. Rf1 Rd8 29. Bb2 Qg6 30. Qc3 h5 31. Qe5 Rd7 32. Rf8+ Kh7 33. Qf5 Qxf5
34. Rxf5 Kg6 35. Re5 Kh6 36. Rxe4 g6 37. Re6 Rb7 38. Kf2 Kg5 39. Bf6+ Kf5 40.
e4+ Kf4 41. g3# 1-0

[Event "Ì13Ï "]
[Site "Loo"]
[Date "2017.04.20"]
[Round "1.53"]
[White "Áðèëèàíòîâ, Àëåêñàíäð."]
[Black "Çàñïàíîâ, Êîíñòàíòèí."]
[Result "0-1"]
[WhiteElo "1189"]
[BlackElo "1588"]
[PlyCount "70"]
[EventDate "2017.04.20"]

1. e4 c5 2. f4 g6 3. Nf3 Bg7 4. Bc4 e6 5. O-O Ne7 6. d3 O-O 7. Nc3 d5 8. exd5
exd5 9. Bb3 Nbc6 10. Re1 Bg4 11. Bd2 Nd4 12. Rf1 a6 13. h3 Nxf3+ 14. Rxf3 Bxf3
15. Qxf3 c4 16. dxc4 dxc4 17. Bxc4 Qxd2 18. Bd3 Nc6 19. Rd1 Bd4+ 20. Kh2 Qf2
21. Qg4 Bg7 22. Ne4 Qb6 23. b3 Qc7 24. g3 h5 25. Qh4 Qe7 26. Ng5 Nd4 27. g4
Qxg5 28. fxg5 Nf3+ 29. Kg3 Nxh4 30. Kxh4 Rad8 31. gxh5 gxh5 32. Kxh5 b5 33. h4
Rfe8 34. g6 fxg6+ 35. Kxg6 Rd5 0-1

[Event "Ì13Ï "]
[Site "Loo"]
[Date "2017.04.20"]
[Round "1.54"]
[White "Ãóõìàí, Ñåðãåé."]
[Black "Âàðçèåâ, Êîíñòàíòèí."]
[Result "1/2-1/2"]
[WhiteElo "1580"]
[BlackElo "1175"]
[PlyCount "102"]
[EventDate "2017.04.20"]

1. d4 d5 2. c4 e6 3. Nc3 Nf6 4. Nf3 c6 5. Bg5 Be7 6. e3 O-O 7. Bd3 h6 8. Bh4
Nbd7 9. O-O Re8 10. Bg3 Nf8 11. Ne5 N6d7 12. f4 Nxe5 13. fxe5 Bh4 14. Qh5 Bxg3
15. Qxf7+ Kh8 16. hxg3 Bd7 17. Ne2 Re7 18. Qf2 Kg8 19. g4 Qe8 20. Nf4 Rf7 21.
Qh4 g5 22. Qxh6 gxf4 23. Rxf4 Qe7 24. Raf1 Rxf4 25. Rxf4 Qg7 26. Qh3 Rd8 27.
Qh4 Rc8 28. Rf6 Be8 29. g5 Bg6 30. Bxg6 Nxg6 31. Qh5 Nf8 32. g6 Rc7 33. g4 dxc4
34. g5 Re7 35. Kf1 Nd7 36. Rf2 Qh8 37. Qh6 Qxh6 38. gxh6 Nf8 39. h7+ Nxh7 40.
gxh7+ Kxh7 41. Rf6 Kg7 42. Ke2 b5 43. Kd2 a5 44. Kc3 Re8 45. b3 cxb3 46. Kxb3
Re7 47. Rf2 Rf7 48. Rc2 Rf3 49. Rxc6 Rxe3+ 50. Rc3 Rxc3+ 51. Kxc3 Kf7 1/2-1/2

[Event "Ì13Ï "]
[Site "Loo"]
[Date "2017.04.20"]
[Round "1.55"]
[White "Êîëåñíè÷åíêî, Àëåêñåé."]
[Black "Áðàòîâ, Àäåìèð."]
[Result "0-1"]
[WhiteElo "1086"]
[BlackElo "1579"]
[PlyCount "108"]
[EventDate "2017.04.20"]

1. e4 e5 2. Nf3 Nc6 3. Bb5 Nge7 4. O-O g6 5. d3 Bg7 6. c3 a6 7. Ba4 O-O 8. d4
exd4 9. cxd4 d5 10. e5 b5 11. Bb3 Bg4 12. Be3 Nf5 13. Qc2 Qd7 14. Nbd2 Nxe3 15.
fxe3 Bf5 16. Qc5 Bd3 17. Rfe1 Rfd8 18. Rac1 Bc4 19. Nxc4 dxc4 20. Bc2 Bf8 21.
e6 Qxe6 22. Qg5 Bb4 23. Re2 Nxd4 24. Nxd4 Rxd4 25. Qg3 Rd7 26. Qf3 Rad8 27. Rf1
Rd2 28. Rxd2 Rxd2 29. Rf2 Rxf2 30. Qxf2 Bc5 31. Qg3 Qxe3+ 32. Qxe3 Bxe3+ 33.
Kf1 Bd4 34. b3 cxb3 35. Bxb3 c5 36. Ke2 Kg7 37. Bd5 Kf6 38. Bb7 a5 39. Bc6 b4
40. Bb5 Ke5 41. Kd3 f5 42. Bc4 g5 43. h3 g4 44. Bg8 gxh3 45. gxh3 h6 46. Bc4 f4
47. Ke2 Be3 48. h4 Kd4 49. Bb3 c4 50. Bc2 Kc3 51. Ba4 b3 52. axb3 cxb3 53. h5
b2 54. Bd1 b1=Q 0-1

[Event "Ì13Â "]
[Site "Loo"]
[Date "2017.04.20"]
[Round "1.1"]
[White "Æóêîâ, Èâàí."]
[Black "Ìàêîâååâ, Èëüÿ."]
[Result "0-1"]
[WhiteElo "1814"]
[BlackElo "2246"]
[PlyCount "78"]
[EventDate "2017.04.20"]

1. e4 e5 2. Nf3 Nc6 3. Bb5 a6 4. Ba4 Nf6 5. d3 d6 6. O-O g6 7. c3 Bg7 8. Re1
O-O 9. Bc2 Re8 10. Nbd2 d5 11. Nf1 Be6 12. Bg5 h6 13. Bh4 Qd6 14. Ne3 d4 15.
Nf1 Nd7 16. Bg3 Rad8 17. c4 g5 18. N3d2 Ne7 19. a3 c5 20. Rb1 Ng6 21. Ba4 Nf4
22. Bxf4 exf4 23. b4 Re7 24. Bxd7 Rexd7 25. Qc1 b6 26. Rb2 g4 27. f3 h5 28. Qb1
Qe5 29. Qd1 Kh7 30. Nb3 Bf6 31. Nfd2 Rg8 32. Rf1 Qg5 33. Kh1 g3 34. Re1 h4 35.
Qe2 h3 36. Nf1 Qh4 37. e5 hxg2+ 38. Qxg2 Bh3 39. Qe2 g2+ 0-1

[Event "Ì13Â "]
[Site "Loo"]
[Date "2017.04.20"]
[Round "1.2"]
[White "Ãðà÷åâ, Àëåêñåé."]
[Black "Ìèøóðèñ, Ìàòâåé."]
[Result "0-1"]
[WhiteElo "2147"]
[BlackElo "1810"]
[PlyCount "88"]
[EventDate "2017.04.20"]

1. e4 c5 2. c4 Nc6 3. Ne2 Nf6 4. Nbc3 d6 5. d4 cxd4 6. Nxd4 g6 7. Be2 Bg7 8.
Be3 O-O 9. O-O Bd7 10. f3 Rc8 11. Qd2 a6 12. Rab1 Ne5 13. b3 Re8 14. Rfc1 e6
15. Rd1 Qc7 16. Rbc1 Qa5 17. Rc2 Kh8 18. Kh1 d5 19. f4 Neg4 20. e5 Nxe3 21.
exf6 Nxc2 22. fxg7+ Kxg7 23. Nxc2 dxc4 24. b4 Qf5 25. Nd4 Qf6 26. Ne4 Qe7 27.
Nd6 c3 28. Nxe8+ Bxe8 29. Qc1 Qxb4 30. Nb3 a5 31. Rd4 Qb6 32. Rc4 Rxc4 33. Bxc4
Qb4 34. Bd3 a4 35. Na1 Qb2 36. Qe1 Bc6 37. Qg1 Bxg2+ 38. Qxg2 Qxa1+ 39. Qg1
Qxg1+ 40. Kxg1 b5 41. Kf2 b4 42. Ke2 b3 43. Bc4 bxa2 44. Bxa2 Kf6 0-1

[Event "Ì13Â "]
[Site "Loo"]
[Date "2017.04.20"]
[Round "1.3"]
[White "Êóíäÿíîê, Âëàäèñëàâ."]
[Black "Ïøìàõîâ, Îñìàí."]
[Result "1/2-1/2"]
[WhiteElo "1810"]
[BlackElo "2121"]
[PlyCount "159"]
[EventDate "2017.04.20"]

1. e4 e6 2. d4 d5 3. Nc3 Nf6 4. e5 Nfd7 5. f4 c5 6. Nf3 Nc6 7. Be3 a6 8. Qd2 b5
9. Ne2 Nb6 10. Ng3 c4 11. Be2 Na4 12. c3 b4 13. Kf2 bxc3 14. bxc3 Qa5 15. Qc2
Bd7 16. Bd2 g6 17. Rhb1 Na7 18. Bd1 Ba3 19. h4 h5 20. Ng5 Nb6 21. Be1 Ba4 22.
Qd2 Nb5 23. Bf3 Be7 24. Nf1 Na3 25. Rb2 Bxg5 26. fxg5 Bc6 27. Bd1 O-O-O 28. Rb4
Kc7 29. Qf4 Rd7 30. Bd2 Rb8 31. Bc1 Nc8 32. Rxb8 Kxb8 33. Bxa3 Qxa3 34. Rb1+
Rb7 35. Rxb7+ Bxb7 36. Qd2 Na7 37. Ng3 Nb5 38. Ne2 Bc6 39. g4 hxg4 40. Kg3 Na7
41. Qc2 Nc8 42. Qb1+ Kc7 43. Kxg4 Ne7 44. Bc2 Be8 45. Qb4 Qxb4 46. cxb4 Kb6 47.
a3 a5 48. bxa5+ Kxa5 49. Kf4 Ba4 50. Bb1 Be8 51. Bc2 Nc6 52. Ke3 Na7 53. Nc3
Nb5 54. Nb1 Na7 55. Nc3 Nb5 56. Nb1 Bd7 57. Bd1 Nc7 58. h5 gxh5 59. Bxh5 Be8
60. Bg4 Ba4 61. Kd2 Nb5 62. Bxe6 c3+ 63. Nxc3 Nxc3 64. g6 Ne4+ 65. Ke3 fxg6 66.
Bxd5 Ng3 67. Be6 Kb6 68. Kf3 Nh5 69. Bf7 Bc2 70. Kg4 Kc6 71. Kg5 Ng7 72. Kf6
Nh5+ 73. Kg5 Ng7 74. Kf6 Nh5+ 75. Ke7 Be4 76. a4 Nf4 77. Kf6 Nd5+ 78. Bxd5+
Kxd5 79. e6 Kxd4 80. e7 1/2-1/2

[Event "Ì13Â "]
[Site "Loo"]
[Date "2017.04.20"]
[Round "1.4"]
[White "Êèðèëëîâ, Äìèòðèé."]
[Black "Êóçüìèí, Ðîìàí."]
[Result "0-1"]
[WhiteElo "2099"]
[BlackElo "1806"]
[PlyCount "84"]
[EventDate "2017.04.20"]

1. e4 e5 2. Nf3 Nc6 3. Bb5 a6 4. Ba4 Nge7 5. O-O d6 6. c3 g6 7. d4 b5 8. Bb3
Bg7 9. a4 Bd7 10. Na3 O-O 11. Be3 Na5 12. Bc2 exd4 13. cxd4 b4 14. Nb1 Rc8 15.
Bd3 c5 16. Bxa6 Ra8 17. Be2 c4 18. Nbd2 d5 19. exd5 Rc8 20. Rc1 c3 21. bxc3
bxc3 22. Ne4 Nxd5 23. Nc5 Bf5 24. Ne1 Re8 25. Ba6 Rxe3 26. Bxc8 Qxc8 27. fxe3
Nxe3 28. Qf3 Bxd4 29. Ncd3 Nxf1+ 30. Kxf1 Nb3 31. Qd5 Nd2+ 32. Ke2 Bg4+ 33. Nf3
Qe8+ 34. Kd1 Qxa4+ 35. Ke2 Qe8+ 36. Kd1 Qe3 37. Kc2 Nxf3 38. Qd8+ Kg7 39. gxf3
Bf5 40. Rd1 Qe2+ 41. Kc1 Be3+ 42. Kb1 Qb2# 0-1

[Event "Ì13Â "]
[Site "Loo"]
[Date "2017.04.20"]
[Round "1.5"]
[White "Åðìîëàåâ, Èâàí."]
[Black "Ïîíîìàðåâ, Ãðèãîðèé."]
[Result "1/2-1/2"]
[WhiteElo "1804"]
[BlackElo "2088"]
[PlyCount "120"]
[EventDate "2017.04.20"]

1. e4 e6 2. d4 d5 3. Nd2 c5 4. exd5 exd5 5. Ngf3 Nf6 6. Bb5+ Bd7 7. Qe2+ Be7 8.
dxc5 O-O 9. Nb3 Ne4 10. O-O Nxc5 11. Nxc5 Bxc5 12. Bxd7 Nxd7 13. Qd3 Nf6 14.
Bg5 Rc8 15. c3 Rc6 16. Rad1 Rd6 17. b4 Bb6 18. c4 Bc7 19. c5 Rd7 20. Qf5 Re8
21. Bxf6 gxf6 22. Rd4 Re4 23. Rxe4 dxe4 24. Qxe4 Rd1 25. g3 b6 26. Rxd1 Qxd1+
27. Kg2 Qd7 28. Nd4 bxc5 29. Nf5 h5 30. bxc5 Be5 31. Ne3 Kf8 32. Qa8+ Kg7 33.
c6 Qd3 34. Qb7 Qe4+ 35. Kg1 h4 36. Qc8 Qb1+ 37. Kg2 h3+ 38. Kxh3 Qh7+ 39. Kg2
Qe4+ 40. Kg1 Qb1+ 41. Kg2 Qe4+ 42. Kg1 Qb1+ 43. Nf1 Qxa2 44. Qg4+ Kh7 45. Qf5+
Kg7 46. Ne3 Qb2 47. Qg4+ Kf8 48. Qc8+ Kg7 49. Nf5+ Kh7 50. Ne3 Qb1+ 51. Kg2
Qe4+ 52. Kg1 Qb1+ 53. Kg2 Qe4+ 54. Kg1 Qb1+ 55. Nf1 Qc2 56. Qd7 Kg8 57. Qc8+
Kg7 58. Qg4+ Kf8 59. Qc8+ Kg7 60. Ne3 Qb1+ 1/2-1/2

[Event "Ì13Â "]
[Site "Loo"]
[Date "2017.04.20"]
[Round "1.6"]
[White "Ïîçíÿê, Íàçàð."]
[Black "Ïîñòàíîãîâ, Äìèòðèé."]
[Result "0-1"]
[WhiteElo "2069"]
[BlackElo "1801"]
[PlyCount "62"]
[EventDate "2017.04.20"]

1. d4 d5 2. c4 c6 3. Nc3 Nf6 4. Nf3 a6 5. a4 Qc7 6. g3 Nbd7 7. Bf4 Qb6 8. Qc2
g6 9. Bg2 Bg7 10. O-O O-O 11. a5 Qd8 12. Ne5 e6 13. Rfd1 Nh5 14. Nxd7 Qxd7 15.
Na4 Nxf4 16. Nb6 Qe7 17. Nxa8 Nxg2 18. Kxg2 e5 19. Nb6 Bf5 20. Qd2 exd4 21.
cxd5 cxd5 22. e3 Qe6 23. exd4 Bh3+ 24. Kg1 Qe4 25. f3 Qxf3 26. Qf2 Qe4 27. Nd7
Bxd7 28. Ra3 Bg4 29. Rd2 Re8 30. Rb3 Bh3 31. Rdd3 Bxd4 0-1

[Event "Ì13Â "]
[Site "Loo"]
[Date "2017.04.20"]
[Round "1.7"]
[White "Ñìèðíîâ, Ìàðê."]
[Black "Öâåòêîâ, Àíäðåé."]
[Result "0-1"]
[WhiteElo "1786"]
[BlackElo "2066"]
[PlyCount "60"]
[EventDate "2017.04.20"]

1. d4 d5 2. c4 c6 3. Nc3 Nf6 4. Nf3 e6 5. Bg5 h6 6. Bxf6 Qxf6 7. e3 g6 8. Bd3
dxc4 9. Bxc4 Nd7 10. O-O Bg7 11. e4 e5 12. d5 O-O 13. Rc1 Rd8 14. Qe2 Nb6 15.
Bb3 Bd7 16. Rfd1 Rac8 17. h3 Qf4 18. g3 Qf6 19. Kg2 Qe7 20. a4 cxd5 21. exd5
Qb4 22. Nd2 Nxa4 23. Bxa4 Bxa4 24. Nxa4 Qxa4 25. Ra1 Qb4 26. Rxa7 Rxd5 27. Qf3
Rcd8 28. Ra8 e4 29. Rxd8+ Rxd8 30. Qf4 Qd4 0-1

[Event "Ì13Â "]
[Site "Loo"]
[Date "2017.04.20"]
[Round "1.8"]
[White "Êàòàåâ, Àëåêñàíäð."]
[Black "Áàëàøîâ, Àðñåíèé."]
[Result "1-0"]
[WhiteElo "1995"]
[BlackElo "1769"]
[PlyCount "103"]
[EventDate "2017.04.20"]

1. d4 Nf6 2. c4 c5 3. d5 b5 4. cxb5 a6 5. b6 d6 6. Nc3 Nbd7 7. e4 Qxb6 8. Nf3
g6 9. Nd2 Bg7 10. Nc4 Qb8 11. f4 O-O 12. Be2 Ne8 13. Be3 Nb6 14. Qb3 Nxc4 15.
Bxc4 Qa7 16. Rd1 Rb8 17. Qa3 Qb7 18. Rd2 Qb4 19. Qb3 Nc7 20. O-O a5 21. e5 Ba6
22. Bxa6 Nxa6 23. Qc2 dxe5 24. d6 exd6 25. Rxd6 exf4 26. Bxf4 Qc4 27. Rf3 Rfe8
28. h3 Re1+ 29. Kh2 Rbe8 30. Qf2 Bd4 31. Qd2 Rf1 32. Rxf1 Qxf1 33. Rxd4 cxd4
34. Qxd4 Qe1 35. Nd5 Re6 36. Nf6+ Rxf6 37. Qxf6 Qe6 38. Qd8+ Kg7 39. Qxa5 f6
40. a3 Qc4 41. Bg3 h5 42. h4 Kh6 43. Qb6 Qf1 44. b4 g5 45. hxg5+ Kxg5 46. Qe3+
Kg6 47. Qe4+ f5 48. Qe8+ Kg5 49. b5 Qc4 50. Qe7+ Kg6 51. Qd6+ Kg5 52. Qf4+ 1-0